1349 1588 1832 1632 1000 1299 1269 1180 1408 1765 1562 1142 1990 1641 1522 1367 1251 1853 1650 1536 1647 1842 1291 1019 1191 1357 1538 1098 1891 1876 1197 1283 1198 1532 1619 1499 1903 1182 1362 1893 1987 1306 1751 1051 1145 1053 1170 1791 1472 1217 1390 1357 1056 1486 1741 1972 1629 1251 1683 1020 1228 1169 1410 1767 1283 1974 1700 1966 1871 1174 1830 1339 1423 1838 1892 1933 1932 1520 1063 1224 1271 1019 1528 1728 1435 1010 1047 1723 1940 1577 1418 1953 1613 1691 1759 1022 1111 1000 1026 BCNSPRNW ULIB Ver.6.0+V

เปลี่ยนเป็นภาษาไทย

Change to English
 แสดงรายละเอียดบรรณานุกรม
  กลับหน้าหลัก

Brief Record : Get Marc (ISO 2709) : E-mail record : QR code < ปิดหน้าต่าง
LEADER : 00000nam 2200000uu 4500
001    13399110239
003     ULIB
008    110426s2542||||th 000 0 tha d
020    9789746561938
020    9746561936
060 04 WM 100^bต64จ 2542
245 00 ตำราจิตเวชศาสตร์ = Textbook of psychiatry /^cบรรณาธิการ,มานิต ศรีสุรภานนท์, จำลอง ดิษยวณิช
246 31 Textbook of psychiatry
250    พิมพ์ครั้งที่ 1
260    เชียงใหม่ :^bโครงการตำรา คณะแพทยศาสตร์มหาวิทยาลัยเชียงใหม่,^c2542
300    615 หน้า
440  0 โครงการตำราคณะแพทยศาสตร์ มหาวิทยาลัยเชียงใหม่
650  0 Mental illness
650  2 Psychiatry
650  7 จิตเวชศาสตร์
700 00 มานิต ศรีสุรภานนท์,^eบรรณาธิการ
700 00 จำลอง ดิษยวณิช,^eบรรณาธิการร่วม
710 20 มหาวิทยาลัยเชียงใหม่.^bคณะแพทยศาสตร์. โครงการตำรา
945    ^p330^l0^i011364
945    ^p330^l0^i011363
945    ^p330^l0^i011362
945    ^p330^l0^i011361
945    ^p330^l0^i011359
945    ^p330^l0^i011360
995    ทศพร
999 ^a ใช้งานได้ทุกระบบ
รายการนี้ยังไม่มีแท็ก
คุณยังไม่ได้ล็อกอิน คุณสามารถมีกิจกรรมร่วมกับเว็บไซต์ได้ แต่ต้องล็อกอินก่อน ::
  ล็อกอิน

รายการสื่อสารสนเทศ

ลำดับที่ ประเภท เลขเรียก/บาร์โค้ด สถานที่ สถานะ
- ไม่พบข้อมูล -

รายการใกล้เคียง
    หัวเรื่อง [Psychiatry]
    หัวเรื่อง [จิตเวชศาสตร์]

BibComment


ยังไม่เคยถูกคอมเมนท์

คอมเมนท์ทรัพยากรรายการนี้
  คอมเมนท์: ตำราจิตเวชศาสตร์ ..


 Copyright 2026. Bcnsprnw @Library